Größte Städte der Welt nach Buchstabe - T - Statistiken

Allgemein
  • Dieses Quiz wurde 520 mal gespielt
  • Das Durchschnittsergebnis liegt bei 9 aus 19
Antwortstatistiken
Land Bevölkerung Stadt % Korrekt
Japan 40,8 Mio. Tokio
99%
Iran 16,2 Mio. Teheran
96%
Kanada 7,55 Mio. Toronto
95%
Tunesien 2,78 Mio. Tunis
92%
Taiwan 9,20 Mio. Taipeh
89%
Italien 1,59 Mio. Turin
85%
Israel 2,93 Mio. Tel Aviv-Jaffa
79%
Libyen 1,77 Mio. Tripolis
71%
Usbekistan 3,60 Mio. Taschkent
66%
Mexiko 2,20 Mio. Tijuana
41%
China 11,4 Mio. Tianjin
37%
USA 4,75 Mio. Tampa
33%
Mexiko 2,65 Mio. Toluca
13%
Iran 1,91 Mio. Täbris
12%
China 5,75 Mio. Taiyuan
9%
China 2,65 Mio. Tangshan
7%
Taiwan 2,45 Mio. Taichung
6%
China 2,53 Mio. Taizhou
4%
Indien 1,54 Mio. Tiruppur
3%
Keine übereinstimmenden Quizze gefunden
Verteilung der Resultate
Anzahl Personen mit jedem Resultat
Perzentil nach korrekt beantworteten Fragen
Ihre Resultats-Entwicklung
Sie haben dieses Quiz noch nicht gespielt